San Antonio Spurs Trivia - Statistics

General Stats
  • This quiz has been taken 2,401 times
    148 since last reset
  • The average score is 11 of 14
Answer Stats
Hint Answer % Correct
Player with an 8 foot wingspan drafted #1 in 2023 Victor Wembanyama
98%
Country that Tony Parker comes from France
95%
Head coach of the Spurs from 1996–2025 Gregg Popovich
94%
Team that the Spurs beat to win the 2014 NBA championship Miami Heat
94%
Rebounding specialist who played in San Antonio between his title-winning stints with the Pistons and Bulls Dennis Rodman
90%
NBA finals MVP in 2014 Kawhi Leonard
90%
Country that Manu Ginóbili comes from Argentina
89%
Point guard who was Rookie of the Year in 2025 Stephon Castle
83%
Tim Duncan's nickname The Big {Fundamental}
83%
Spurs legend nicknamed "Iceman" George Gervin
81%
Where David Robinson played his college ball Navy
73%
Player nicknamed "Swipa" De'Aaron Fox
66%
The Spurs mascot is this type of animal Coyote
52%
Player from the 2000s who was the prototype of the modern "3 and D" player Bruce Bowen
45%
No matching quizzes found
Score Distribution
Percent of People with Each Score
Percentile by Number Answered
Your Score History
You have not taken this quiz since the last reset